| 000 | 00641nam a2200205Ia 4500 | ||
|---|---|---|---|
| 005 | 20250508165328.0 | ||
| 008 | 008 250505s9999 xx 000 0 hin d | ||
| 020 | _a978-81-250-5131-2 | ||
| 037 | _aTextual | ||
| 040 |
_aFEDL _beng _cFEDL |
||
| 041 |
_ahin _2eng |
||
| 084 |
_a780.954, PAL _qFEDL |
||
| 100 |
_aPalneetkar Alaknanda Ed. _9780240 |
||
| 245 | 0 | _aSamkaleen Bharat mein sangeet ki badlee paristhitiyan ubhartee chaunautiyan evam samadhan | |
| 260 |
_aMadhya Pradesh, India _b Pranjal Prakashan _c2005 |
||
| 300 | _a132p. | ||
| 365 |
_aINR _b325 |
||
| 942 |
_cTEXL _h780.954, PAL |
||
| 999 |
_c1394484 _d1394484 |
||